| 000 | 00469nam a2200169 a 4500 | ||
|---|---|---|---|
| 005 | 20240810063756.0 | ||
| 008 | 991125s1975 mx 000 0 spa u | ||
| 035 | _aUPN01000004680 | ||
| 049 | _aCG | ||
| 050 | 4 |
_aBF637 O7 _bB6.28 |
|
| 100 | 1 | _aBordin, Edward S. | |
| 245 | 1 | 0 |
_aAsesoría psicológica / _cEdward S. Bordin ; tr. Amparo Caicedo. |
| 260 |
_aMéxico : _bTrillas, _c1975. |
||
| 300 | _a411 p. | ||
| 650 | 4 |
_aOrientación psicológica _910238 |
|
| 905 | _aLibro | ||
| 999 |
_c4680 _d4680 |
||